LEADER 02771 am 2200421 n 450 001 9910495813103321 005 20240104030447.0 010 $a2-7535-6055-2 024 7 $a10.4000/books.pur.90990 035 $a(CKB)4100000008413477 035 $a(FrMaCLE)OB-pur-90990 035 $a(PPN)23693970X 035 $a(EXLCZ)994100000008413477 100 $a20190606j|||||||| ||| 0 101 0 $afre 135 $auu||||||m|||| 200 03$aLa cour sous l'empereur Claude$eLes enjeux d'un lieu de pouvoir$fAnne-Claire Michel 210 $aRennes$cPresses universitaires de Rennes$d2019 215 $a1 online resource (384 p.) 311 $a2-7535-4202-3 330 $aCe travail s'inscrit dans le cadre du double renouvellement historiographique des études sur le phénomène aulique dans l'Antiquité et des travaux sur l'époque claudienne. Il montre comment la cour impériale se constitue progressivement en un nouveau lieu de pouvoir, l'entourage proche de l'empereur s'érigeant en centre politique de l'Empire. En se focalisant sur une étude approfondie du principat de Claude, il aborde toutes les facettes du phénomène aulique dans ses dimensions spatiale, sociale, politique et culturelle. Le premier temps de l'analyse entend le terme de cour dans sa dimension spatiale : l'espace au sein duquel évoluent l'empereur et sa suite. Partant du centre que constitue le Palatin pour s'en éloigner progressivement, l'étude s'intéresse aux vestiges de la demeure impériale sur la colline du Palatin puis elle étudie les autres espaces auliques : horti impériaux, résidences impériales dans le « suburbium » et en Italie centrale, ainsi que l'espace de l'expédition britannique de Claude et de son entourage. Le deuxième axe envisage la cour dans son acception de milieu social. Après avoir défini et délimité la structure aulique, son étude permet de montrer qu'il n'existe pas de société de cour à cette époque qui bouleverserait les hiérarchies politiques et sociales traditionnelles. Le troisième axe montre enfin que la cour est un lieu de pouvoir et de sa mise en scène. Après avoir étudié le fonctionnement politique de la cour, l'étude s'intéresse aux représentations contemporaines et postérieures du milieu aulique. 606 $aHistory 606 $aPolitical Science 606 $aaulique 606 $aEmpire 606 $aAntiquité 615 4$aHistory 615 4$aPolitical Science 615 4$aaulique 615 4$aEmpire 615 4$aAntiquité 700 $aMichel$b Anne-Claire$01225295 701 $aHurlet$b Frédéric$0408422 801 0$bFR-FrMaCLE 906 $aBOOK 912 $a9910495813103321 996 $aLa cour sous l'empereur Claude$93658263 997 $aUNINA